| 000 | | | 04724nmc2a2200000 x 450 |
| 001 | | | 886dbad7-3d25-46bf-bdbf-360f49ccd430 |
| 005 | | | 20170113123302.0 |
| 100 | ## | $a | 20140508l18071808k l0rusy0189 ca |
| 101 | 0# | $a | rus |
| 102 | ## | $a | RU |
| 200 | 1# | $a | Дело о возмещении из казны затрат, сделанных Дерптским университетом на содержание больных- военнослужащих во время похода 1807 года и о награждении отличившихся при этом профессоров |
| | $j | 21 мая 1807 г. - 14 июля 1808 г. |
| 251 | ## | $c | Дело |
| 300 | ## | $a | Дело |
| 300 | ## | $a | Ориг. заголовок дела: Дело, по представлению попечителя Дерптского университета, о принятии оным университетом на себя пользования больных- военнослужащих. Тут же: о награждении профессоров, участвовавших в пользовании тех больных. Тут же: о возвращении военным ведомством издержек, употребеленных университетом на содержание и пользование больных. 21 мая 1807 г. - 14 июля 1808 г |
| 801 | #0 | $a | RU |
| | $b | РГИА |
| | $c | 20140508 |
| | $g | RCR |
| 801 | #1 | $a | RU |
| | $b | ГлавНИВЦ |
| | $c | 20140508 |
| | $2 | rusmarc |
| 801 | #2 | $a | RU |
| | $b | ПБ им. Б.Н. Ельцина |
| | $c | 20170113 |
| | $g | RCR |
| | $2 | rusmarc |
| 850 | ## | $a | РГИА |
| 852 | ## | $a | РГИА |
| | $e | Федеральное казенное учреждение "Российский государственный исторический архив" (РГИА) |
| | $j | 76 |
| 937 | ## | $h | РГИА |
| | $d | 11167728 |
| | $a | ASBIBLIO_SCAN |
| 462 | #0 | $1 | 0015faafd89-1df2-4e8f-a0ba-1d8a620713c6 |
| | $1 | 2001 |
| | $a | Дела Департамента народного просвещения по Дерптскому учебному округу за 1802-1836 гг. |
| | $1 | 251 |
| | $c | Опись |
| | $1 | 852 |
| | $j | 56 |
| 461 | #0 | $1 | 001a74412a3-3cc5-4d21-8f0a-dfe2fbd9e72d |
| | $1 | 2001 |
| | $a | Департамент народного просвещения Министерства народного просвещения (1803-1917) |
| | $1 | 251 |
| | $c | Фонд |
| | $1 | 852 |
| | $j | 733 |
| 215 | ## | $a | 409 л. |
| | $d | 36,5х26 см |
| 371 | ## | $a | Документ не является опубликованным и широко распространяемым |
| 105 | ## | $a | y### |
| 122 | 2# | $a | d |
| 517 | 1# | $a | Дело, по представлению попечителя Дерптского университета, о принятии оным университетом на себя пользования больных- военнослужащих. Тут же: о награждении профессоров, участвовавших в пользовании тех больных. Тут же: о возвращении военным ведомством издержек, употребеленных университетом на содержание и пользование больных. 21 мая 1807 г. - 14 июля 1808 г. |
| 035 | ## | $a | 886dbad7-3d25-46bf-bdbf-360f49ccd430 |
| 856 | ## | $u | http://readingroom.main.prlib.ru/item.aspx?id_node=n94240205&mode=full |